Enfances plurilingues: Témoignage pour une éducation bilingue et plurilingue

Kaydedildi:
Detaylı Bibliyografya
Yazar: Gilbert Dalgalian
Materyal Türü: Kitap
Dil:Undetermined
Baskı/Yayın Bilgisi: Paris L'Harmattan 2000
Konular:
Etiketler: Etiketle
Etiket eklenmemiş, İlk siz ekleyin!
Thư viện lưu trữ: Trung tâm Học liệu Trường Đại học Cần Thơ
LEADER 00505nam a2200169Ia 4500
001 CTU_56405
008 210402s9999 xx 000 0 und d
082 |a 370.117 
082 |b D142 
100 |a Gilbert Dalgalian 
245 0 |a Enfances plurilingues: Témoignage pour une éducation bilingue et plurilingue 
245 0 |c Gilbert Dalgalian 
260 |a Paris 
260 |b L'Harmattan 
260 |c 2000 
650 |a multicultural education 
980 |a Trung tâm Học liệu Trường Đại học Cần Thơ